000 00286nam a2200121Ia 4500
008 240731s9999 xx 000 0 und d
022 _a1470-9325
245 0 _aLocal Economy
260 _bRoutledge
856 _uhttps://www.tandfonline.com/loi/rlce20
942 _2ddc
942 _cTFEJ
999 _c78453
_d78453
945 _a1
_bMadushi Gamage
_c1
_dMadushi Gamage